000 00352 a2200157 4500
001 49367
020 _a853050125X
040 _cAnchieta - Bela Vista
100 _aBandeira, Pedro
240 1 0 _aChapeuzinho e o lobo mau
_lpor
245 1 0 _aChapeuzinho e o lobo mau
300 _a47
362 0 _a1997
650 4 _aLiteratura infantil
942 _cBK
999 _c49367
_d49367